| 000 | 01501nab a2200217 i 4500 | ||
|---|---|---|---|
| 001 | 768714001 | ||
| 003 | CO-MdFUSB | ||
| 005 | 20260305222118.0 | ||
| 008 | 240612t1963 sp ||||| |||| 00| 0 spa d | ||
| 040 |
_bspa _cCO-MdFUSB _dCO-MdFUSB |
||
| 041 | _aspa | ||
| 100 |
_aSagrado Corazón, Enrique del, _eautor |
||
| 245 | 1 | 3 |
_aLa inhabitación trinitaria : _ba propósito de una exégesis de la doctrina de Santo Tomás en su comentario a las "Sentencias" _c/ Enrique del Sagrado Corazón |
| 520 | _aCalificamos así: exégesis, u obra exegética de Ia doctrina de Santo Tomás en su Comentario Super Sententiis acerca del misterio de Ia inhabitación de Ia Santísima Trinidad en el alma justa, Ia publicada por el P. Roberto de Santa Teresa, O. C. D., bajo el título: De inhabitatione SS, Trinitatis. Doctrina S. Thomae in Scripto super Sententiis. Esta obra tiene un doble valor. Primero, indudablemente, su mérito doctrinal, al afrontar el problema interpretativo de Ia doctrina tomista. En segundo lugar, esta obra inicia Ia serie de publicaciones teológicas, que llevará a cabo el Teresianum, Facultad Teológica de los Carmelitas Descalzos de Roma. | ||
| 650 | 7 |
_aTeología doctrinal _9179 |
|
| 650 | 7 |
_aTrinidad _9177 |
|
| 650 | 7 |
_aIglesia _9655 |
|
| 773 | 0 |
_070126 _982757 _dSalamanca, España : _oR2632 _tSalmanticensis _w(CO-MdFUSB)768714001 _gVolumen 10, (fascículo 1 - 2, 1963) páginas: 295 - 309 _qpágina: 293 |
|
| 942 | _cANA | ||
| 945 | _aCatherine Arias Álvarez - Practicante SENA | ||
| 999 |
_c70176 _d70176 |
||